000 00811nam0a2200277 4500
001 RU\NLR\bibl\14115
005 20250615012545.0
010 _a5-237-00931-Х
_910000
021 _aRU
_b98-43571
_92093
035 _a(NLR Aleph) 000013771
090 _a54177
_c54177
100 _a19990222d1998 |||y0rusy50 ca
101 1 _arus
_ceng
102 _aRU
105 _a|||||||||||||
200 1 _aПоследняя семья
_e[Роман]
_fДжон Миллер
_g[Пер. с англ. Е.Г. Поляковой]
210 _aМ.
_cАСТ
_d1998
215 _a508 с.
_d22
686 _aШ6(7США)67-440.4
700 1 _aМиллер
_bДж.
_gДжон
_4070
801 0 _aRU
_bNLR
_c19990222
_gPSBO
801 1 _aRU
_bNLR
_c19990222
852 _aNLR
_j98-5/2882
942 _cBOOK
980 _aNB